Catalogo de livros antigos e modernos que hao de ser vendidos em Leilao no dia 4 de julho de 1875 e seguintes ás 11 horas da manha na rua de S. Joao, nºs 77-79 en Angra do Heroismo (ilha terceira, Açores) sob a direcçao de Antonio Gil. (Record no. 185095)

MARC details
000 -LEADER
campo de control de longitud fija 00693nam a2200145 i 4500
001 - NÚMERO DE CONTROL
campo de control 185095
003 - IDENTIFICADOR DE NÚMERO DE CONTROL
campo de control ES-MaACL
005 - FECHA Y HORA DE LA ÚLTIMA TRANSACCIÓN
campo de control 20230906222339.0
008 - DATOS DE LONGITUD FIJA--INFORMACIÓN GENERAL
campo de control de longitud fija 160321s1875 po |||| | por d
245 00 - MENCIÓN DEL TÍTULO
Título Catalogo de livros antigos e modernos que hao de ser vendidos em Leilao no dia 4 de julho de 1875 e seguintes ás 11 horas da manha na rua de S. Joao, nºs 77-79 en Angra do Heroismo (ilha terceira, Açores) sob a direcçao de Antonio Gil.
260 ## - PUBLICACIÓN, DISTRIBUCIÓN, ETC.
Lugar de publicación, distribución, etc. Lisboa :
Nombre del editor, distribuidor, etc. [s.n.],
Fecha de publicación, distribución, etc. 1875 (
Fabricante Imp. de J. G. de Sousa Neves)
300 ## - DESCRIPCIÓN FÍSICA
Extensión 64 p. ;
Dimensiones 20 cm.
650 04 - PUNTO DE ACCESO ADICIONAL DE MATERIA--TÉRMINO DE MATERIA
Término de materia o nombre geográfico como elemento de entrada Libros-
Subdivisión de forma Catálogos de subastas.
9 (RLIN) 14429
852 ## - LOCALIZACIÓN
Ubicación ES-MaACL
Número de control de estantería T-209-F-11
Nota libre .- Enc. en un vol. facticio, falto de la cub. original
Holdings
Estatus retirado Estado de pérdida Estado de daño No para préstamo Colección Biblioteca de origen Biblioteca actual Ubicación en estantería Fecha de adquisición Fuente de adquisición Total de préstamos Signatura topográfica completa Código de barras Visto por última vez Precio de reemplazo Tipo de ítem Koha
        Colección de folletos Biblioteca del Ateneo de Madrid Biblioteca del Ateneo de Madrid Depósito folletos 21/03/2016     T-209-F-11 1194964 23/02/2023 23/02/2023 Folleto